000 00477nam a2200181Ia 4500
001 9329
005 20260306161710.0
008 260306t1994||||xx |||||||||||||| ||spa||
041 _aESP
082 _a378.101
_bC245
100 _aProyecto multirregional de educación media y superior (PROMESUP)
_eAUT
245 0 _aPolítica y gestión universitaria
260 _c1994
300 _a448 páginas :
_c23 cm.
650 _aGEN
654 _aCED
942 _cLIB
_dJUS
_fJUS
_2ddc
_n
999 _c9329
_d9329